Crónica del rey don Rodrigo (Crónica sarracina) : (Record n. 34015)
[ formato base ]
| 000 -LEADER | |
|---|---|
| fixed length control field | 01029nam a2200289 i 4500 |
| 003 - CONTROL NUMBER IDENTIFIER | |
| control field | IT-RoINE |
| 005 - DATE AND TIME OF LATEST TRANSACTION | |
| control field | 20200302093011.0 |
| 008 - FIXED-LENGTH DATA ELEMENTS--GENERAL INFORMATION | |
| fixed length control field | 010307s2001 sp a r ||1 f|spa d |
| 020 ## - INTERNATIONAL STANDARD BOOK NUMBER | |
| International Standard Book Number | 8470398857 (o.c.) |
| 020 ## - INTERNATIONAL STANDARD BOOK NUMBER | |
| International Standard Book Number | 8470398652 ( v. 1) |
| 020 ## - INTERNATIONAL STANDARD BOOK NUMBER | |
| International Standard Book Number | 8470392859 ( v. 2) |
| 040 ## - CATALOGING SOURCE | |
| Original cataloging agency | SpMaBN |
| Transcribing agency | SpMaBN IT-RoINE |
| Modifying agency | IT-RoINE |
| 100 1# - MAIN ENTRY--PERSONAL NAME | |
| Personal name | Corral, Pedro de, |
| Dates associated with a name | Siglos 14o.-15o. |
| 9 (RLIN) | 66990 |
| 245 10 - TITLE STATEMENT | |
| Title | Crónica del rey don Rodrigo (Crónica sarracina) : |
| Remainder of title | postprimero rey de los Godos / |
| Statement of responsibility, etc | Pedro de Corral ; edición, introducción y notas de James Donald Fogelquist. |
| 246 13 - VARYING FORM OF TITLE | |
| Title proper/short title | Crónica sarracina |
| 260 ## - PUBLICATION, DISTRIBUTION, ETC. (IMPRINT) | |
| Place of publication, distribution, etc | Madrid : |
| Name of publisher, distributor, etc | Castalia, |
| Date of publication, distribution, etc | 2001. |
| 300 ## - PHYSICAL DESCRIPTION | |
| Extent | 2 v. : |
| Other physical details | il. ; |
| Dimensions | 18 cm. |
| 336 ## - CONTENT TYPE | |
| Source | rdacontent |
| Content type term | text |
| 337 ## - MEDIA TYPE | |
| Source | rdamedia |
| Media type term | unmediated |
| 338 ## - CARRIER TYPE | |
| Source | rdacarrier |
| Carrier type term | volume |
| 490 1# - SERIES STATEMENT | |
| Series statement | Clásicos Castalia ; |
| Volume number/sequential designation | 257-258 |
| 500 ## - GENERAL NOTE | |
| General note | Subtitulo tomado de la cubierta. |
| 500 ## - GENERAL NOTE | |
| General note | Incluye índices. |
| 700 1# - ADDED ENTRY--PERSONAL NAME | |
| Personal name | Fogelquist, James Donald, |
| Dates associated with a name | 1951- |
| 9 (RLIN) | 66991 |
| 830 #0 - SERIES ADDED ENTRY--UNIFORM TITLE | |
| 9 (RLIN) | 34162 |
| Uniform title | Clásicos Castalia ; |
| Volume number/sequential designation | 257-258 |
| 942 ## - ADDED ENTRY ELEMENTS (KOHA) | |
| Item type | Monografías |
| Withdrawn status | Lost status | Damaged status | Not for loan | Home library | Current library | Date acquired | Total Checkouts | Full call number | Barcode | Date last seen | Date last borrowed | Price effective from | Koha item type | Public note |
|---|---|---|---|---|---|---|---|---|---|---|---|---|---|---|
| Iglesia Nacional Española en Roma | Iglesia Nacional Española en Roma | 02/03/2020 | 1 | LEN.LIT 1432.1 | 61671 | 26/09/2024 | 23/11/2023 | 02/03/2020 | Monografías | Pt. primera. | ||||
| Iglesia Nacional Española en Roma | Iglesia Nacional Española en Roma | 02/03/2020 | 1 | LEN.LIT 1432.2 | 61672 | 26/09/2024 | 23/11/2023 | 02/03/2020 | Monografías | Pt. segunda. |